<?xml version="1.0" encoding="UTF-8"?>
<record
    xmlns:xsi="http://www.w3.org/2001/XMLSchema-instance"
    xsi:schemaLocation="http://www.loc.gov/MARC21/slim http://www.loc.gov/standards/marcxml/schema/MARC21slim.xsd"
    xmlns="http://www.loc.gov/MARC21/slim">

  <leader>01170nam a2200337Ia 4500</leader>
  <controlfield tag="001">dia_3539</controlfield>
  <controlfield tag="003">CHAP</controlfield>
  <controlfield tag="005">20251027150725.0</controlfield>
  <controlfield tag="008">220117s1986    xx            000 0 und d</controlfield>
  <datafield tag="010" ind1=" " ind2=" ">
    <subfield code="a">173998</subfield>
  </datafield>
  <datafield tag="020" ind1=" " ind2=" ">
    <subfield code="a">84-200-0006-X</subfield>
  </datafield>
  <datafield tag="040" ind1=" " ind2=" ">
    <subfield code="c">CHAP</subfield>
  </datafield>
  <datafield tag="082" ind1=" " ind2=" ">
    <subfield code="a">543.1 P43 1986</subfield>
  </datafield>
  <datafield tag="100" ind1=" " ind2=" ">
    <subfield code="a">Pearson, D.</subfield>
    <subfield code="9">86419</subfield>
  </datafield>
  <datafield tag="245" ind1=" " ind2=" ">
    <subfield code="a">T&#xE9;cnicas de laboratorio para el an&#xE1;lisis de alimentos   /</subfield>
    <subfield code="c"> D. Pearson ; traducci&#xF3;n C. Romero, J.L. Miranda y J. L. Suso</subfield>
  </datafield>
  <datafield tag="260" ind1=" " ind2=" ">
    <subfield code="a">Espa&#xF1;a  :</subfield>
    <subfield code="b"> Acribia,</subfield>
    <subfield code="c">1986</subfield>
  </datafield>
  <datafield tag="300" ind1=" " ind2=" ">
    <subfield code="a">331 p.</subfield>
  </datafield>
  <datafield tag="500" ind1=" " ind2=" ">
    <subfield code="a">T&#xED;tulo original: Laboratory tecniques in food analysis</subfield>
  </datafield>
  <datafield tag="503" ind1=" " ind2=" ">
    <subfield code="a">I. 145616 (ej. 1) \I. 167268 (ej. 2) \I. 167269 (ej. 3) \C/e (ej. 4) \I. 188995 (ej. 5)</subfield>
  </datafield>
  <datafield tag="504" ind1=" " ind2=" ">
    <subfield code="a">Incluye bibliograf&#xED;a</subfield>
  </datafield>
  <datafield tag="590" ind1=" " ind2=" ">
    <subfield code="a">TP372.5 P43 1986</subfield>
  </datafield>
  <datafield tag="650" ind1=" " ind2=" ">
    <subfield code="a">Alimentos</subfield>
    <subfield code="x">An&#xE1;lisis</subfield>
    <subfield code="x">Manuales de laboratorio  </subfield>
    <subfield code="9">4167</subfield>
  </datafield>
  <datafield tag="650" ind1=" " ind2=" ">
    <subfield code="a">Diagn&#xF3;stico de laboratorio</subfield>
    <subfield code="9">154869</subfield>
  </datafield>
  <datafield tag="700" ind1=" " ind2=" ">
    <subfield code="a">Miranda, J.L., tr. </subfield>
    <subfield code="9">154870</subfield>
  </datafield>
  <datafield tag="700" ind1=" " ind2=" ">
    <subfield code="a">Romero, C., tr. </subfield>
    <subfield code="9">154871</subfield>
  </datafield>
  <datafield tag="700" ind1=" " ind2=" ">
    <subfield code="a">Suso, J. L., tr.</subfield>
    <subfield code="9">154872</subfield>
  </datafield>
  <datafield tag="901" ind1=" " ind2=" ">
    <subfield code="a">543.1 P43 1986</subfield>
  </datafield>
  <datafield tag="902" ind1=" " ind2=" ">
    <subfield code="a">M</subfield>
  </datafield>
  <datafield tag="905" ind1=" " ind2=" ">
    <subfield code="a">5232271986                          sp nma 8222223322spa16</subfield>
  </datafield>
  <datafield tag="942" ind1=" " ind2=" ">
    <subfield code="c">LIBRO</subfield>
    <subfield code="2">ddc</subfield>
  </datafield>
  <datafield tag="999" ind1=" " ind2=" ">
    <subfield code="c">173998</subfield>
    <subfield code="d">173998</subfield>
  </datafield>
  <datafield tag="952" ind1=" " ind2=" ">
    <subfield code="0">0</subfield>
    <subfield code="1">0</subfield>
    <subfield code="2">ddc</subfield>
    <subfield code="4">0</subfield>
    <subfield code="7">0</subfield>
    <subfield code="8">GRAL</subfield>
    <subfield code="a">IA_</subfield>
    <subfield code="b">IA_</subfield>
    <subfield code="c">1</subfield>
    <subfield code="d">2022-01-18</subfield>
    <subfield code="f">1</subfield>
    <subfield code="l">0</subfield>
    <subfield code="p">dia_004307</subfield>
    <subfield code="r">2022-01-18 00:00:00</subfield>
    <subfield code="t">5</subfield>
    <subfield code="w">2022-01-18</subfield>
    <subfield code="y">LIBRO</subfield>
  </datafield>
  <datafield tag="952" ind1=" " ind2=" ">
    <subfield code="0">0</subfield>
    <subfield code="1">0</subfield>
    <subfield code="2">ddc</subfield>
    <subfield code="4">0</subfield>
    <subfield code="5">1</subfield>
    <subfield code="7">0</subfield>
    <subfield code="8">GRAL</subfield>
    <subfield code="a">IA_</subfield>
    <subfield code="b">IA_</subfield>
    <subfield code="d">1989-06-21</subfield>
    <subfield code="e">Compra Librer&#xED;a Gaona F. 1688 / R. 22470 (17/04/1989)</subfield>
    <subfield code="g">68705.10</subfield>
    <subfield code="i">145616</subfield>
    <subfield code="l">1</subfield>
    <subfield code="o">543.1 P43 1986</subfield>
    <subfield code="p">dia_003359</subfield>
    <subfield code="r">2023-01-31 00:00:00</subfield>
    <subfield code="s">2023-01-31</subfield>
    <subfield code="t">1</subfield>
    <subfield code="y">LIBRO</subfield>
  </datafield>
  <datafield tag="952" ind1=" " ind2=" ">
    <subfield code="0">0</subfield>
    <subfield code="1">0</subfield>
    <subfield code="2">ddc</subfield>
    <subfield code="4">0</subfield>
    <subfield code="5">5</subfield>
    <subfield code="7">0</subfield>
    <subfield code="8">GRAL</subfield>
    <subfield code="a">IA_</subfield>
    <subfield code="b">IA_</subfield>
    <subfield code="d">1993-05-28</subfield>
    <subfield code="e">Compra F. 091 / R.</subfield>
    <subfield code="g">224.00</subfield>
    <subfield code="i">167268</subfield>
    <subfield code="l">2</subfield>
    <subfield code="o">543.1 P43 1986</subfield>
    <subfield code="p">dia_003726</subfield>
    <subfield code="r">2024-09-09 10:56:05</subfield>
    <subfield code="s">2024-08-23</subfield>
    <subfield code="t">2</subfield>
    <subfield code="y">LIBRO</subfield>
  </datafield>
  <datafield tag="952" ind1=" " ind2=" ">
    <subfield code="0">0</subfield>
    <subfield code="1">0</subfield>
    <subfield code="2">ddc</subfield>
    <subfield code="4">0</subfield>
    <subfield code="5">5</subfield>
    <subfield code="7">0</subfield>
    <subfield code="8">GRAL</subfield>
    <subfield code="a">IA_</subfield>
    <subfield code="b">IA_</subfield>
    <subfield code="d">1993-05-28</subfield>
    <subfield code="e">Compra F. 091 / R.</subfield>
    <subfield code="g">224.00</subfield>
    <subfield code="i">167269</subfield>
    <subfield code="l">2</subfield>
    <subfield code="o">543.1 P43 1986</subfield>
    <subfield code="p">dia_003727</subfield>
    <subfield code="r">2024-08-23 10:31:08</subfield>
    <subfield code="s">2024-08-23</subfield>
    <subfield code="t">3</subfield>
    <subfield code="y">LIBRO</subfield>
  </datafield>
  <datafield tag="952" ind1=" " ind2=" ">
    <subfield code="0">0</subfield>
    <subfield code="1">0</subfield>
    <subfield code="2">ddc</subfield>
    <subfield code="4">0</subfield>
    <subfield code="5">5</subfield>
    <subfield code="7">0</subfield>
    <subfield code="8">GRAL</subfield>
    <subfield code="a">IA_</subfield>
    <subfield code="b">IA_</subfield>
    <subfield code="d">1993-10-04</subfield>
    <subfield code="e">Compra Librer&#xED;a Patena F. 238 / R. (04/10/1993)</subfield>
    <subfield code="g">89.00</subfield>
    <subfield code="i">C/e</subfield>
    <subfield code="l">0</subfield>
    <subfield code="o">543.1 P43 1986</subfield>
    <subfield code="p">dia_003770</subfield>
    <subfield code="r">2022-01-18 00:00:00</subfield>
    <subfield code="t">4</subfield>
    <subfield code="y">LIBRO</subfield>
  </datafield>
</record>
